Statistics for Countries Where Blasphemy Can Result in Prison Time/Death Sentence.

Click here to take the quiz!

General Stats

  • This quiz has been taken 30 times
  • The average score is 39 of 63

Answer Stats

HintAnswer% Correct
AsiaIraq
92%
AsiaPakistan
92%
AfricaEgypt
88%
AsiaIndia
88%
AsiaIran
88%
AsiaSyria
88%
AfricaAlgeria
84%
AsiaJordan
84%
AfricaMorocco
84%
AfricaNigeria
84%
AsiaAfghanistan
80%
AsiaIsrael
80%
AsiaLebanon
80%
AsiaQatar
80%
AfricaSudan
80%
AsiaOman
76%
AsiaSaudi Arabia
76%
AfricaSouth Sudan
76%
AsiaUnited Arab Emirates
76%
AsiaYemen
76%
AsiaBahrain
72%
AsiaIndonesia
72%
AsiaKuwait
72%
AsiaMalaysia
72%
South AmericaSuriname
72%
AsiaThailand
72%
AsiaTurkey
72%
AfricaEritrea
68%
South AmericaGuyana
68%
EuropeRussia
68%
AfricaTunisia
68%
AsiaBangladesh
64%
AfricaEthiopia
64%
AfricaKenya
64%
AfricaMauritania
64%
AsiaNepal
64%
AsiaBrunei
60%
AsiaMyanmar
60%
AfricaSomalia
60%
AsiaSingapore
56%
AfricaTanzania
56%
AfricaMalawi
52%
AfricaCameroon
48%
AfricaGambia
48%
North AmericaTrinidad and Tobago
48%
North AmericaAntigua and Barbuda
44%
AfricaComoros
44%
North AmericaEl Salvador
44%
North AmericaGrenada
44%
AsiaMaldives
44%
EuropePoland
44%
North AmericaSaint Vincent and the Grenadines
44%
AsiaSri Lanka
44%
AsiaCyprus
40%
AsiaKazakhstan
40%
AfricaZambia
40%
AfricaZimbabwe
40%
AfricaBotswana
36%
EuropeAndorra
32%
EuropeSan Marino
32%
AfricaMauritius
28%
EuropeGermany
24%
EuropeSlovakia
24%

Score Distribution

Percentile by Number Answered

Percent of People with Each Score

Your Score History

You have not taken this quiz